La crisis de la experiencia en la era postsubjetiva /

Conjunto de ensayos en los cuales se discute el concepto de experiencia desde la antropología filosófica, y como se presenta y usa en los campos de la filosofía, la teoría social y la práctica literaria.

Zapisane w:
Opis bibliograficzny
1. autor: Jay, Martin (autor)
Format: Książka
Język:hiszpański
Wydane: Santiago, Chile : Universidad Diego Portales, 2003, c2003
Seria:(Pensamiento Contemporáneo ; 2)
Hasła przedmiotowe:
Etykiety: Dodaj etykietę
Nie ma etykietki, Dołącz pierwszą etykiete!

MARC

LEADER 00000nam^a2200000^a^4500
001 000178316
005 20250521000000.0
009 20260310101746.123
020 |a 956-7397-43-0 
037 |a Acervo ITESO - Biblioteca 
041 |a ESP 
082 |a 128. 4  |b JAY 
100 |a Jay, Martin  |e (autor) 
245 1 3 |a La crisis de la experiencia en la era postsubjetiva /  |c M. Jay ; ed. de Eduardo Sabrovsky. 
264 4 |a Santiago, Chile :  |b Universidad Diego Portales,  |c 2003, c2003 
300 |a 212 p. 
336 |a texto  |b txt  |2 rdacontenido 
337 |a sin mediación  |b n  |2 rdamedio 
338 |a volumen  |b nc  |2 rdasoporte 
440 1 |a (Pensamiento Contemporáneo ;  |v 2) 
520 |a Conjunto de ensayos en los cuales se discute el concepto de experiencia desde la antropología filosófica, y como se presenta y usa en los campos de la filosofía, la teoría social y la práctica literaria. 
649 |a XX 
650 |a Experiencia 
650 |a Filosofía 
650 |a Sociología -  |x Teoría 
650 |a Literatura 
650 |a Antropología Filosófica 
910 |a Fondo General 
920 |a Impresos - Libros 
930 |a Colección General 
905 |a 101 
901 |a 0500117586  |b IT1  |c ACC  |u 20250521 
902 |a https://opac.biblio.iteso.mx/vufind/Record/000178316